[Event "Piverone op 1st"]
[Site "Piverone"]
[Date "2012.03.11"]
[Round "5"]
[White "Tricerri, Pierino"]
[Black "Cantamessa, Marco"]
[Result "0-1"]
[WhiteElo "1491"]
[BlackElo "1527"]
[PlyCount "63"]
[EventDate "2012.03.09"]
[EventType "swiss"]
[EventRounds "5"]
[EventCountry "ITA"]
[SourceTitle "EXT 2014"]
[Source "ChessBase"]
[SourceDate "2013.11.20"]
[SourceVersion "1"]
[SourceVersionDate "2013.11.20"]
[SourceQuality "1"]

1. d4 Nf6 2. c4 g6 3. Nc3 Bg7 4. e4 d6 5. f3 0-0 6. Be3 b6 7. Qd2 c5 8. d5 Re8 9. Nh3 Nbd7 10. a3 Ne5 11. b4 a5 12. bxc5 bxc5 13. Rb1 Ba6 14. Qa2 Rb8 15. Nb5 Bc8 16. Be2 Bxh3 17. gxh3 Qc8 18. Bf1 Ned7 19. Bg2 Nb6 20. Na7 Qa6 21. Nb5 Rb7 22. 0-0 Reb8 23. Bf4 Nfd7 24. Rfc1 Nxc4 25. Bf1 Nce5 26. Qe2 c4 27. Bxe5 Nxe5 28. Nc3 Rxb1 29. Rxb1 Rxb1 30. Nxb1 Qb6+ 31. Kh1 Qxb1 32. Qd2 0-1